00445 2200181 4500001002100000005001500021035002000036100001300056245003700069250002400106300003000130020002200160082001100182084001700193260003500210600000900245990000900254INLIS00000000000224920260226101759 a0010-02260000810 aAyu Rini1 aKreasi Topeng Kertas /cAyu Rini aCetakan Ketiga 2015 a108 hlm :bilust ;c21 cm a978-979-3756-26-4 a745.54 a745.54 AYU k aJakarta :bPustaka Mina,c2010 4aSeni a6616